000 00615nam a2200157Ia 4500
008 150610s9999 xx 000 0 und d
020 _a0 451525485
050 _a PQ 2635
_b.O7 C913 1972   
100 _aRostand, Edmond, 1868-1918.
245 _aCyrano de Bergerac :
_bheroic comedy in five acts / 
_cby Edmond Rostand ; translated by Lowell Bair ; with an afterword by Henry Hewes.
260 _aNew York :
_bPenguin Putnam,
_c1972.
300 _a220pages ;
_c18 cm.
520 _aDrama.
650 _aCyrano de Bergerac, Savinien, 1619-1655
_xDrama.
650 _aFrance -- History -- 17th century
_xDrama.
999 _c287976
_d287976